| 000 | 00444nam a2200157 i 4500 | ||
|---|---|---|---|
| 001 | 58037 | ||
| 003 | ES-MaACL | ||
| 005 | 20230906163719.0 | ||
| 007 | t| | ||
| 008 | 031020s1934 xxk ||||1| eng d | ||
| 100 | 1 |
_aDunne, J. W. _946061 |
|
| 245 | 1 | 4 |
_aThe serial Universe / _cby J.W. Dunne. |
| 260 |
_aLondon : _bFaber and Faber, _c1934 ( _eCambridge : _fUniversity Press) |
||
| 300 |
_a239 p. ; _c23 cm. |
||
| 852 |
_aES-MaACL _jA-744 _bR.14529 |
||
| 999 |
_c58037 _d58037 |
||